Central Library OPAC University of Rajshahi
Normal view MARC view

Entry Topical Term

Number of records used in: 2

001 - CONTROL NUMBER

  • control field: 7326

003 - CONTROL NUMBER IDENTIFIER

  • control field: BD-RjUL

005 - DATE AND TIME OF LATEST TRANSACTION

  • control field: 20230411141114.0

008 - FIXED-LENGTH DATA ELEMENTS

  • fixed length control field: 230411|| aca||aabn | a|a d

040 ## - CATALOGING SOURCE

  • Original cataloging agency: BD-RjUL
  • Transcribing agency: BD-RjUL

150 ## - HEADING--TOPICAL TERM

  • Topical term or geographic name entry element: Sweet potatoes

670 ## - SOURCE DATA FOUND

  • Source citation: Work cat.: (BD-RjUL)81342: NAHER, MST. KAMRUN 7325, Utilization of Biotechnological and Agronomic Options for Unlocking the Yield Potential of Sweetpotato (Ipomoea batatas (L) Lam.), 2015